[Event "DEM U10/U10w 2014"]
[Site "Magdeburg GER"]
[Date "2014.06.10"]
[Round "5"]
[White "Kosev, Momchil"]
[Black "Marschall, Tillmann"]
[Result "1/2-1/2"]
[Termination "normal"]
[Board "11"]
[WhiteElo "1483"]
[BlackElo "1423"]
[PlyCount "40"]
[WhiteFideId "12975982"]
[BlackFideId "12973220"]
[EventCountry "GER"]
[EventRounds "11"]
[EventType "swiss"]
[EventDate "2014.06.07"]

1. e4 c6 2. Nc3 d5 3. f4 dxe4 4. Nxe4 e6 5. Nf3 Nf6 6. Nf2 Bd6 7. g3 O-O 8. Bg2
Nbd7 9. d4 c5 10. c3 Re8 11. O-O cxd4 12. cxd4 Nd5 13. Ne4 Bc7 14. Nc3 N7b6 15.
Qb3 Bd7 16. a4 Nxc3 17. bxc3 a5 18. Bd2 Bc6 19. Ne5 Bxg2 20. Kxg2 Qd5+ 1/2-1/2

[Event "DEM U10/U10w 2014"]
[Site "Magdeburg GER"]
[Date "2014.06.10"]
[Round "5"]
[White "Englert, Jon"]
[Black "Brunner, Sophia"]
[Result "0-1"]
[Termination "normal"]
[Board "12"]
[WhiteElo "1375"]
[BlackElo "1339"]
[PlyCount "90"]
[WhiteFideId "12992275"]
[BlackFideId "12960683"]
[EventCountry "GER"]
[EventRounds "11"]
[EventType "swiss"]
[EventDate "2014.06.07"]

1. e4 c5 2. Nf3 Nc6 3. d4 cxd4 4. Nxd4 e6 5. Nxc6 bxc6 6. Be2 Ba6 7. O-O Bxe2
8. Qxe2 Bc5 9. Qg4 Bd4 10. c3 Bf6 11. Re1 g6 12. Be3 Bg7 13. f4 Nf6 14. Qf3 O-O
15. f5 d5 16. exd5 cxd5 17. fxg6 fxg6 18. Bc5 Re8 19. Bd4 a6 20. Rf1 e5 21. Be3
Rb8 22. Bg5 Qb6+ 23. Qf2 Qxf2+ 24. Rxf2 Ne4 25. Re2 Nxg5 26. Rd2 Red8 27. Na3
Ne4 28. Re2 Rb7 29. c4 Nc5 30. Rd1 d4 31. b3 d3 32. Re3 e4 33. Nb1 Bd4 34. Kf2
Rf8+ 35. Kg3 Bxe3 36. Nc3 Bf2+ 37. Kh3 e3 38. g4 e2 39. Nxe2 dxe2 40. Rc1 e1=Q
41. Rxe1 Bxe1 42. b4 Nd3 43. b5 g5 44. bxa6 Rb2 45. a7 Rf3# 0-1

[Event "DEM U10/U10w 2014"]
[Site "Magdeburg GER"]
[Date "2014.06.10"]
[Round "5"]
[White "Yi, Danny"]
[Black "Asadzade, Idris"]
[Result "0-1"]
[Termination "normal"]
[Board "13"]
[WhiteElo "1369"]
[BlackElo "1448"]
[PlyCount "118"]
[WhiteFideId "12988588"]
[BlackFideId "12997285"]
[EventCountry "GER"]
[EventRounds "11"]
[EventType "swiss"]
[EventDate "2014.06.07"]

1. e4 e6 2. d4 d5 3. e5 c5 4. Nf3 Nc6 5. c3 Qb6 6. Na3 a6 7. Nc2 Bd7 8. Be2 Qc7
9. Bf4 b5 10. O-O h6 11. Rc1 Qb7 12. b3 c4 13. bxc4 bxc4 14. Rb1 Qc7 15. Qd2
Nge7 16. Rb2 Ng6 17. Rfb1 Nxf4 18. Qxf4 Ra7 19. Qc1 Be7 20. Rb6 O-O 21. Qb2
Rfa8 22. h3 Bd8 23. Qc1 Rb8 24. Rxb8 Nxb8 25. Qb2 Nc6 26. Ne3 Na5 27. Qc2 Rb7
28. Nd2 Rxb1+ 29. Qxb1 Qb7 30. Qxb7 Nxb7 31. g3 Ba5 32. Nb1 f6 33. f4 fxe5 34.
fxe5 Be8 35. Bd1 Nd8 36. Kg2 Nf7 37. h4 g5 38. Bc2 gxh4 39. gxh4 Kg7 40. Kg3
Nd8 41. Kg4 Bg6 42. Bxg6 Kxg6 43. a3 h5+ 44. Kg3 Nc6 45. Kf3 Ne7 46. Kf4 Ng8
47. Kg3 Ne7 48. Kf4 Nc6 49. Kg3 Na7 50. Kg2 Nb5 51. Nd1 Kf5 52. Kf3 Bd8 53. Kg3
Ke4 54. Nb2 Ba5 55. Nd1 Kd3 56. a4 Nxc3 57. Nbxc3 Bxc3 58. Nxc3 Kxc3 59. Kf4
Kxd4 0-1

[Event "DEM U10/U10w 2014"]
[Site "Magdeburg GER"]
[Date "2014.06.10"]
[Round "5"]
[White "Sulayev, Daniel"]
[Black "Bethke, Richard"]
[Result "1-0"]
[Termination "normal"]
[Board "14"]
[WhiteElo "1584"]
[BlackElo "1627"]
[PlyCount "79"]
[WhiteFideId "12977675"]
[BlackFideId "12959243"]
[EventCountry "GER"]
[EventRounds "11"]
[EventType "swiss"]
[EventDate "2014.06.07"]

1. e4 e5 2. Nf3 Nc6 3. Bc4 Bc5 4. O-O Nf6 5. d4 Bxd4 6. Nxd4 Nxd4 7. Bg5 h6 8.
Bh4 g5 9. f4 Qe7 10. fxg5 Nxe4 11. Bxf7+ Kd8 12. g6 Qxh4 13. g7 Rg8 14. Bxg8
Qg5 15. Rf8+ Ke7 16. Bd5 Qe3+ 17. Kf1 b6 18. Bxe4 Qxe4 19. Nc3 Ba6+ 20. Kg1
Qe3+ 21. Kh1 Rxf8 22. Nd5+ Ke6 23. Nxe3 Rg8 24. Qg4+ Kd6 25. Qg6+ Ke7 26. Nd5+
Kd8 27. Nf6 Kc8 28. Nxg8 Ne2 29. Nxh6 Nf4 30. g8=Q+ Kb7 31. Qe4+ d5 32. Qxe5
Bb5 33. Qxf4 Bc6 34. c4 dxc4 35. Qgxc4 b5 36. Qc5 Ka6 37. Qxc6+ Ka5 38. Qfxc7+
Kb4 39. Qc3+ Ka4 40. Q7a5# 1-0

[Event "DEM U10/U10w 2014"]
[Site "Magdeburg GER"]
[Date "2014.06.10"]
[Round "5"]
[White "Schnabel, Luise"]
[Black "Deleré, Adrian"]
[Result "0-1"]
[Termination "normal"]
[Board "15"]
[WhiteElo "1369"]
[BlackElo "1447"]
[PlyCount "112"]
[WhiteFideId "12943347"]
[BlackFideId "12990400"]
[EventCountry "GER"]
[EventRounds "11"]
[EventType "swiss"]
[EventDate "2014.06.07"]

1. e4 e5 2. Nf3 Nc6 3. Bc4 Bc5 4. O-O Nf6 5. d4 Bxd4 6. Nxd4 Nxd4 7. Bg5 d6 8.
Nc3 h6 9. Bxf6 Qxf6 10. Nd5 Qd8 11. c3 Nc6 12. Qf3 O-O 13. Qg3 Na5 14. Bd3 f5
15. b4 f4 16. Qf3 c6 17. bxa5 cxd5 18. exd5 Qxa5 19. c4 Bf5 20. Bxf5 Rxf5 21.
Qd3 Raf8 22. f3 Qc7 23. Rab1 R5f6 24. Qb3 b6 25. Rfc1 Qc5+ 26. Kh1 Rb8 27. Qc3
a6 28. a4 Rf7 29. Qb4 Rfb7 30. Rb3 Qxb4 31. Rxb4 Kf7 32. Kg1 Kf6 33. Kf2 Kf5
34. Rcb1 a5 35. Rb5 e4 36. Re1 e3+ 37. Ke2 g5 38. g4+ Kg6 39. h3 Kf6 40. Kd3
Kg6 41. Re2 h5 42. Kd4 hxg4 43. hxg4 Rh7 44. Reb2 Rh3 45. Rxb6 Rxb6 46. Rxb6
Rxf3 47. Rxd6+ Kf7 48. Rb6 e2 49. Re6 Re3 50. Rxe3 fxe3 51. d6 e1=Q 52. Kc5
Qb4+ 53. Kc6 Qxc4+ 54. Kd7 e2 55. Kd8 e1=Q 56. d7 Qe7# 0-1

[Event "DEM U10/U10w 2014"]
[Site "Magdeburg GER"]
[Date "2014.06.10"]
[Round "5"]
[White "Prieb, Robert"]
[Black "Musiolik, David"]
[Result "1/2-1/2"]
[Termination "normal"]
[Board "16"]
[WhiteElo "1260"]
[BlackElo "1435"]
[PlyCount "79"]
[WhiteFideId "16212002"]
[BlackFideId "12972355"]
[EventCountry "GER"]
[EventRounds "11"]
[EventType "swiss"]
[EventDate "2014.06.07"]

1. d4 e6 2. Nf3 Nf6 3. Bg5 Be7 4. e3 h6 5. Bh4 d5 6. Bd3 b6 7. Nbd2 Nbd7 8. c3
Bb7 9. Qc2 O-O 10. Bg3 Nh5 11. O-O-O c5 12. dxc5 Nxc5 13. Be2 a6 14. Ne5 Nxg3
15. hxg3 Bf6 16. Ng4 Rc8 17. Nxf6+ Qxf6 18. f4 b5 19. Kb1 Rfe8 20. g4 b4 21.
Rc1 bxc3 22. Qxc3 Qxc3 23. Rxc3 Nd7 24. Rxc8 Rxc8 25. Rc1 Kf8 26. Rxc8+ Bxc8
27. Kc2 Ke7 28. Kc3 Kd6 29. Kd4 f6 30. Nb3 e5+ 31. Kd3 Nc5+ 32. Kc3 Na4+ 33.
Kc2 g5 34. g3 Kc6 35. a3 Nc5 36. Nxc5 Kxc5 37. Kc3 Bb7 38. b4+ Kb6 39. Kb3 Bc6
40. a4 1/2-1/2

[Event "DEM U10/U10w 2014"]
[Site "Magdeburg GER"]
[Date "2014.06.10"]
[Round "5"]
[White "Doan, Lam Phuc"]
[Black "Grund, Sebastian"]
[Result "0-1"]
[Termination "normal"]
[Board "17"]
[WhiteElo "1145"]
[BlackElo "1424"]
[PlyCount "52"]
[BlackFideId "12988626"]
[EventCountry "GER"]
[EventRounds "11"]
[EventType "swiss"]
[EventDate "2014.06.07"]

1. d4 Nf6 2. c4 c5 3. dxc5 Qa5+ 4. Nc3 Qxc5 5. e4 d6 6. Be3 Qa5 7. Bd3 Nc6 8.
Nge2 e6 9. O-O a6 10. Qd2 Qc7 11. a3 Na5 12. Qc2 Bd7 13. b3 Be7 14. f4 Ng4 15.
Bd2 Qc5+ 16. Kh1 Nf2+ 17. Rxf2 Qxf2 18. Nd1 Qb6 19. Qc3 Qxb3 20. Qxg7 Rf8 21.
Bxa5 Qxd3 22. Ndc3 Qxc4 23. Qxh7 Rc8 24. Ng3 b6 25. Bxb6 Qxc3 26. Rf1 Rh8 0-1

[Event "DEM U10/U10w 2014"]
[Site "Magdeburg GER"]
[Date "2014.06.10"]
[Round "5"]
[White "Bergauz, Igal"]
[Black "Hommer, Jeremy"]
[Result "1/2-1/2"]
[Termination "normal"]
[Board "19"]
[WhiteElo "1783"]
[BlackElo "1229"]
[PlyCount "64"]
[WhiteFideId "12977284"]
[BlackFideId "12992577"]
[EventCountry "GER"]
[EventRounds "11"]
[EventType "swiss"]
[EventDate "2014.06.07"]

1. e4 c6 2. d4 d5 3. e5 Bf5 4. h4 h5 5. Nf3 e6 6. Be3 Ne7 7. Be2 Bg6 8. Bg5 c5
9. c3 Nbc6 10. O-O Qb6 11. Bxe7 Bxe7 12. Qd2 O-O 13. Rd1 Rac8 14. a3 Rfd8 15.
Ng5 Rd7 16. g4 hxg4 17. Bxg4 Nd8 18. h5 Bh7 19. Nxh7 Kxh7 20. Qd3+ Kg8 21. Qg3
Qxb2 22. Nd2 cxd4 23. cxd4 Qxd4 24. Nf3 Qe4 25. Kg2 d4 26. h6 g6 27. h7+ Kh8
28. Qh3 Bf8 29. Re1 Qf4 30. Rad1 d3 31. Re3 Rc3 32. Nh4 Be7 1/2-1/2

[Event "DEM U10/U10w 2014"]
[Site "Magdeburg GER"]
[Date "2014.06.10"]
[Round "5"]
[White "Nguyen, Alex Dac-Vuong"]
[Black "Breitzmann, Sander"]
[Result "1-0"]
[Termination "normal"]
[Board "20"]
[WhiteElo "1812"]
[BlackElo "1220"]
[PlyCount "145"]
[WhiteFideId "12984388"]
[BlackFideId "12987085"]
[EventCountry "GER"]
[EventRounds "11"]
[EventType "swiss"]
[EventDate "2014.06.07"]

1. e4 e5 2. Nf3 Nc6 3. d4 exd4 4. Bc4 Bc5 5. c3 Nf6 6. e5 d5 7. Bb5 Ne4 8. cxd4
Bb4+ 9. Nbd2 O-O 10. O-O Nxd2 11. Bxd2 Be7 12. Rc1 Bd7 13. Be3 f6 14. Qb3 Be8
15. exf6 Bxf6 16. Rc5 Na5 17. Qd3 c6 18. b4 Be7 19. Rcc1 Bxb4 20. Ba4 Bg6 21.
Qe2 Be7 22. Ne5 Bf7 23. Bc2 Bf6 24. Qd3 g6 25. f4 Be6 26. Nxg6 Rf7 27. Ne5 Rg7
28. f5 Bd7 29. Bh6 Re7 30. Qg3+ Kh8 31. Ng6+ hxg6 32. fxg6 Bxd4+ 33. Kh1 Be6
34. g7+ Bxg7 35. Qg6 Bg8 36. Bg5 Qe8 37. Qd3 Qh5 38. Bxe7 Re8 39. Rf5 Qh7 40.
Bb4 Nc4 41. Qf3 Re3 42. Qh5 Re6 43. Qg4 Ne3 44. Qf3 Nxf5 45. Bxf5 Qh6 46. Rd1
Re3 47. Qg4 Be6 48. Bd2 Bxf5 49. Qxf5 Qe6 50. Qh5+ Kg8 51. Bxe3 Qxe3 52. Rf1
Qe7 53. Qf5 Qe8 54. h4 Qe7 55. Qf4 Qe8 56. Qg5 Qe2 57. Qf5 Qe7 58. Qh5 d4 59.
Qg4 d3 60. h5 Qd6 61. Qc8+ Kh7 62. Qxb7 d2 63. Qb1+ Kh8 64. Qd1 Qd4 65. g3 Qe4+
66. Kh2 Bc3 67. h6 Qe1 68. Qf3 Qe5 69. Qf8+ Kh7 70. Rf7+ Kg6 71. Rg7+ Kh5 72.
Qf7+ Kxh6 73. Qg6# 1-0

[Event "DEM U10/U10w 2014"]
[Site "Magdeburg GER"]
[Date "2014.06.10"]
[Round "5"]
[White "Wu, Luka"]
[Black "Kunisch, Nina"]
[Result "0-1"]
[Termination "normal"]
[Board "21"]
[WhiteElo "1433"]
[BlackElo "1201"]
[PlyCount "164"]
[WhiteFideId "12977420"]
[BlackFideId "12982849"]
[EventCountry "GER"]
[EventRounds "11"]
[EventType "swiss"]
[EventDate "2014.06.07"]

1. e4 c6 2. d4 d5 3. exd5 cxd5 4. Nc3 Nf6 5. Nf3 Nc6 6. Bd3 Bg4 7. h3 Bxf3 8.
Qxf3 Nxd4 9. Qd1 e6 10. Be3 Bc5 11. Nb5 e5 12. c3 Ne6 13. Bxc5 Nxc5 14. Na3 a6
15. O-O O-O 16. b4 Ne6 17. Qb3 e4 18. Be2 d4 19. Rad1 h5 20. Bc4 Nf4 21. Rxd4
Qc8 22. Qb2 b5 23. Bb3 Qxc3 24. Qxc3 Ne2+ 25. Kh1 Nxc3 26. Rd2 e3 27. Rc2 Nfe4
28. Nb1 e2 29. Rg1 Rac8 30. Nxc3 Nxc3 31. Kh2 Rfe8 32. Rcc1 h4 33. Rge1 g5 34.
Rc2 Kg7 35. f3 f5 36. Rd2 Rcd8 37. Rxd8 Rxd8 38. Kg1 Rd1 39. Kf2 Rxe1 40. Kxe1
Kf6 41. Kd2 Ke5 42. a3 Kf4 43. Ke1 Kg3 44. Bc2 Kxg2 45. Bxf5 Kxf3 46. Bg4+ Kg3
47. Bf5 Nd5 48. Bc8 Nf4 49. Bxa6 Kf3 50. Bxb5 Ng2+ 51. Kd2 e1=Q+ 52. Kc2 Ne3+
53. Kb3 Qd1+ 54. Kc3 Qc1+ 55. Kd4 Qd2+ 56. Kc5 Qc3+ 57. Kb6 Qxa3 58. Bc6+ Kg3
59. Bd7 Qxb4+ 60. Kc6 Qa4+ 61. Kd6 Qxd7+ 62. Kxd7 Nf5 63. Ke6 Kxh3 64. Kxf5 Kg3
65. Ke4 h3 66. Ke3 h2 67. Kd4 h1=Q 68. Ke5 Qf3 69. Kd4 Kf2 70. Ke5 Qf4+ 71. Kd5
Ke3 72. Kc5 g4 73. Kd5 Kd3 74. Kc5 Qc4+ 75. Kd6 Qb5 76. Ke6 g3 77. Kd6 Kd4 78.
Ke6 Qe5+ 79. Kf7 Qd6 80. Kg7 g2 81. Kh7 g1=Q 82. Kh8 Qh6# 0-1

[Event "DEM U10/U10w 2014"]
[Site "Magdeburg GER"]
[Date "2014.06.10"]
[Round "5"]
[White "Mailitis, Ricardo"]
[Black "Hassemeier, Mika"]
[Result "0-1"]
[Termination "normal"]
[Board "22"]
[WhiteElo "1205"]
[BlackElo "1409"]
[PlyCount "68"]
[WhiteFideId "12977535"]
[BlackFideId "12994880"]
[EventCountry "GER"]
[EventRounds "11"]
[EventType "swiss"]
[EventDate "2014.06.07"]

1. e4 c5 2. Nf3 e6 3. d4 cxd4 4. Nxd4 a6 5. Nc3 d6 6. g3 Nf6 7. Bg2 Nbd7 8. O-O
Qc7 9. Bg5 h6 10. Be3 Be7 11. Qd2 Ng4 12. h3 Nxe3 13. fxe3 O-O 14. Qf2 Ne5 15.
Rad1 Bd7 16. Kh2 Bg5 17. h4 Ng4+ 18. Kg1 Nxf2 19. Rxf2 Bxe3 20. Rdf1 Bxd4 21.
Kh2 Bxf2 22. Rxf2 Qb6 23. Rd2 Qxb2 24. Rxd6 Qxc3 25. Rxd7 Qxc2 26. Rxb7 Rfb8
27. Rxb8+ Rxb8 28. Kh3 Rb2 29. Bf1 Qxe4 30. Bxa6 Rxa2 31. Bc8 Qg2+ 32. Kg4 Ra3
33. Kh5 g6+ 34. Kxh6 Qd2# 0-1

[Event "DEM U10/U10w 2014"]
[Site "Magdeburg GER"]
[Date "2014.06.10"]
[Round "5"]
[White "Buchloh, Adrian"]
[Black "Schönweiler, Elisabeth"]
[Result "1-0"]
[Termination "normal"]
[Board "23"]
[WhiteElo "1463"]
[BlackElo "1217"]
[PlyCount "103"]
[WhiteFideId "12960675"]
[BlackFideId "12997005"]
[EventCountry "GER"]
[EventRounds "11"]
[EventType "swiss"]
[EventDate "2014.06.07"]

1. d4 d5 2. Nc3 Nc6 3. Nf3 Bf5 4. Bf4 Nf6 5. e3 a6 6. Bd3 Bg6 7. O-O e6 8. Ne5
Nxe5 9. Bxe5 Bd6 10. Bxd6 Bxd3 11. Bxc7 Qxc7 12. Qxd3 O-O 13. f3 Rfd8 14. Ne2
Rac8 15. c3 Qb6 16. Qd2 Rc6 17. Nf4 Qc7 18. Nd3 a5 19. Rac1 b6 20. Ne5 Rcd6 21.
Qe2 Nd7 22. Nd3 Qb8 23. e4 dxe4 24. fxe4 Rc6 25. Qf3 Rf8 26. Rce1 Rcc8 27. Qg4
Nf6 28. Rxf6 Qc7 29. Rff1 Qe7 30. Rf2 Rc7 31. Ref1 Kh8 32. Ne5 f6 33. Qh3 Kg8
34. Qg3 Rcc8 35. Nd3 Kh8 36. Qf3 Kg8 37. e5 f5 38. g4 g6 39. gxf5 exf5 40. Qd5+
Kg7 41. Nf4 Rfe8 42. Rg2 Kh8 43. Rxg6 Rg8 44. Rxg8+ Rxg8+ 45. Kh1 Qg5 46. Qg2
Qd8 47. Qh3 Qg5 48. Qh5 Qe7 49. Qxf5 Qb7+ 50. d5 Qa6 51. Qf6+ Rg7 52. Nh5 1-0

[Event "DEM U10/U10w 2014"]
[Site "Magdeburg GER"]
[Date "2014.06.10"]
[Round "5"]
[White "Weihrauch, Jakob"]
[Black "Grünwald, Max"]
[Result "1-0"]
[Termination "normal"]
[Board "24"]
[WhiteElo "1220"]
[BlackElo "1340"]
[PlyCount "125"]
[WhiteFideId "16210115"]
[BlackFideId "12992283"]
[EventCountry "GER"]
[EventRounds "11"]
[EventType "swiss"]
[EventDate "2014.06.07"]

1. e4 d5 2. exd5 Qxd5 3. Nf3 Bg4 4. Be2 Nc6 5. d4 O-O-O 6. c4 Qa5+ 7. Bd2 Qb6
8. c5 Qxb2 9. Bc3 Nxd4 10. Bxb2 Nxf3+ 11. Bxf3 Rxd1+ 12. Bxd1 Bxd1 13. Kxd1 Nf6
14. Ke2 e6 15. Bxf6 gxf6 16. Rc1 Bh6 17. Rc3 Bf4 18. Rc2 Rg8 19. g3 Be5 20. Nc3
Rg4 21. Rd1 Rc4 22. Rcd2 b6 23. Nb5 Rxc5 24. Rd8+ Kb7 25. Nd4 Ka6 26. Nf3 Bd6
27. Rd7 Kb5 28. Rxf7 Kb4 29. Rxf6 Ka3 30. Rd2 Rc1 31. Rh6 Bb4 32. Rxe6 Bxd2 33.
Kxd2 Rb1 34. Re7 Kxa2 35. Rxc7 Rb2+ 36. Ke1 a5 37. Kd1 Rb1+ 38. Kd2 b5 39. Rc2+
Rb2 40. Kc1 Rxc2+ 41. Kxc2 b4 42. Nd4 a4 43. Ne2 b3+ 44. Kc3 b2 45. Kc4 b1=Q
46. Nc3+ Kb2 47. Nxb1 Kxb1 48. Kb4 Kc2 49. f4 Kb2 50. Kxa4 Kc3 51. f5 Kd4 52.
f6 Ke3 53. f7 Kf2 54. f8=Q+ Kg2 55. Qf4 h5 56. Kb3 h4 57. gxh4 Kh1 58. Kc3 Kg2
59. Kd2 Kg1 60. Ke2 Kh1 61. Kf3 Kg1 62. Qg3+ Kh1 63. Qg2# 1-0

[Event "DEM U10/U10w 2014"]
[Site "Magdeburg GER"]
[Date "2014.06.10"]
[Round "5"]
[White "Gericke, Luis"]
[Black "Pantsernaya, Sofya"]
[Result "1-0"]
[Termination "normal"]
[Board "25"]
[WhiteElo "1161"]
[BlackElo "1320"]
[PlyCount "134"]
[WhiteFideId "16212525"]
[BlackFideId "12993182"]
[EventCountry "GER"]
[EventRounds "11"]
[EventType "swiss"]
[EventDate "2014.06.07"]

1. e4 d5 2. exd5 Nf6 3. d4 Nxd5 4. Bc4 e6 5. Nf3 Be7 6. O-O O-O 7. Re1 Nf6 8.
c3 b6 9. Bf4 Bb7 10. Nbd2 Nbd7 11. Qc2 Nd5 12. Bxd5 Bxd5 13. Ne4 Nf6 14. Nxf6+
Bxf6 15. Ne5 Be7 16. c4 Bb7 17. Rad1 Bg5 18. Bg3 Qe7 19. d5 Rad8 20. dxe6 Rxd1
21. Rxd1 Qxe6 22. h3 h6 23. f4 Bf6 24. Nd7 Rd8 25. Nxf6+ Qxf6 26. Rxd8+ Qxd8
27. Bf2 Qd6 28. Be3 Qe6 29. Qd3 Be4 30. Qe2 Bf5 31. b3 Qg6 32. g4 h5 33. Qg2
Be4 34. f5 Qc6 35. Qg3 hxg4 36. Qxg4 Kf8 37. h4 Qf6 38. Qxe4 Qa1+ 39. Kf2 Qxa2+
40. Kf3 Qxb3 41. Qa8+ Ke7 42. Qe4+ Kf8 43. h5 Qc3 44. Kf4 a5 45. Qa8+ Ke7 46.
Qc6 Kd8 47. Qd5+ Ke8 48. Bd2 Qf6 49. Qe5+ Qxe5+ 50. Kxe5 Ke7 51. Bc3 a4 52. Ke4
a3 53. Kd3 c6 54. Bb4+ Kf6 55. Bxa3 c5 56. Ke4 Kg5 57. Kd5 Kxf5 58. Kc6 Ke4 59.
Kxb6 Kd4 60. Bxc5+ Kxc4 61. Bf8 g5 62. h6 g4 63. h7 g3 64. h8=Q g2 65. Bc5 f5
66. Qd4+ Kb3 67. Qb4+ Ka2 1-0

[Event "DEM U10/U10w 2014"]
[Site "Magdeburg GER"]
[Date "2014.06.10"]
[Round "5"]
[White "Taras, Simon"]
[Black "Bardorz, Jana"]
[Result "1-0"]
[Termination "normal"]
[Board "26"]
[WhiteElo "1319"]
[BlackElo "1175"]
[PlyCount "75"]
[WhiteFideId "12970972"]
[BlackFideId "16208897"]
[EventCountry "GER"]
[EventRounds "11"]
[EventType "swiss"]
[EventDate "2014.06.07"]

1. d4 d5 2. c4 e6 3. Nc3 Nf6 4. cxd5 exd5 5. Bg5 Be7 6. e3 O-O 7. Bd3 h6 8. Bh4
Nbd7 9. Qc2 Re8 10. Nf3 Nf8 11. O-O-O c6 12. Nd2 Ng4 13. Bxe7 Rxe7 14. Nb3 Be6
15. h3 Nf6 16. f3 b6 17. e4 Rc8 18. e5 N6d7 19. f4 g6 20. g4 Nb8 21. f5 Bd7 22.
fxg6 fxg6 23. Bxg6 Rg7 24. Bf5 h5 25. Bxd7 Nbxd7 26. gxh5 c5 27. Rhg1 cxd4 28.
Rxg7+ Kxg7 29. Qg2+ Kh6 30. Nxd4 Nxe5 31. Nf5+ Kxh5 32. Qe2+ Kg6 33. Qxe5 Qg5+
34. Rd2 Qxf5 35. Rg2+ Kh6 36. Qxf5 d4 37. Qg5+ Kh7 38. Qg7# 1-0

[Event "DEM U10/U10w 2014"]
[Site "Magdeburg GER"]
[Date "2014.06.10"]
[Round "5"]
[White "Kamp, Adrian"]
[Black "Stockmann, Till"]
[Result "1-0"]
[Termination "normal"]
[Board "27"]
[WhiteElo "1310"]
[BlackElo "1162"]
[PlyCount "67"]
[WhiteFideId "16222466"]
[BlackFideId "12979341"]
[EventCountry "GER"]
[EventRounds "11"]
[EventType "swiss"]
[EventDate "2014.06.07"]

1. e4 e5 2. d4 exd4 3. Nf3 Bc5 4. Bc4 Nc6 5. c3 dxc3 6. Bxf7+ Kxf7 7. Qd5+ Ke8
8. Qxc5 Qe7 9. Qxe7+ Ngxe7 10. Nxc3 d6 11. O-O Bg4 12. Nd2 Kd7 13. f3 Be6 14.
Rd1 Rhf8 15. Nb3 Rad8 16. Nc5+ Kc8 17. Nxe6 Rde8 18. Nxf8 Rxf8 19. Be3 Nb4 20.
Rac1 Rd8 21. Nb5 Kb8 22. Bxa7+ Ka8 23. Rxc7 Nc8 24. Bf2 Nc6 25. Rxg7 Ne5 26.
Nc7+ Kb8 27. Rd4 Rd7 28. Rxd7 Nxd7 29. Nb5 Ne5 30. Nxd6 Nxd6 31. Rxd6 Nc4 32.
Rd7 Nxb2 33. Bb6 Kc8 34. Rd8# 1-0

[Event "DEM U10/U10w 2014"]
[Site "Magdeburg GER"]
[Date "2014.06.10"]
[Round "5"]
[White "Rudolph, Eva"]
[Black "Rößl, Adam"]
[Result "1-0"]
[Termination "normal"]
[Board "28"]
[WhiteElo "1129"]
[BlackElo "1310"]
[PlyCount "95"]
[WhiteFideId "16200594"]
[BlackFideId "16246047"]
[EventCountry "GER"]
[EventRounds "11"]
[EventType "swiss"]
[EventDate "2014.06.07"]

1. e4 e5 2. Nf3 Nc6 3. d4 exd4 4. Bc4 Nf6 5. e5 d5 6. Bb5 Ne4 7. Nxd4 Bd7 8.
Bxc6 bxc6 9. O-O Be7 10. f3 Ng5 11. f4 Ne4 12. Be3 c5 13. Nb3 d4 14. Bf2 Bc6
15. N1d2 Nxd2 16. Nxd2 Qd5 17. Nf3 O-O 18. Qd3 f6 19. exf6 Rxf6 20. Bh4 Re6 21.
f5 Re3 22. c4 Qd7 23. Qd1 Rf8 24. Re1 Rxf5 25. Rxe3 Bxf3 26. Rxe7 Qxe7 27. Bxe7
Bxd1 28. Rxd1 Re5 29. Bd8 c6 30. Kf2 Re8 31. Bc7 Rf8+ 32. Ke2 Rf6 33. Rf1 Rg6
34. g3 Rh6 35. h4 g5 36. hxg5 Rh2+ 37. Rf2 Rh5 38. Rf5 Rh2+ 39. Kd3 Rxb2 40.
Rxc5 Rxa2 41. Rxc6 a5 42. Ra6 a4 43. Bd6 Kf7 44. Kxd4 Kg6 45. c5 Kf7 46. Kd5
Ke8 47. c6 Kd8 48. Ra8# 1-0

[Event "DEM U10/U10w 2014"]
[Site "Magdeburg GER"]
[Date "2014.06.10"]
[Round "5"]
[White "Schade, Johannes"]
[Black "Zeuner, Ole"]
[Result "0-1"]
[Termination "normal"]
[Board "29"]
[WhiteElo "1304"]
[BlackElo "1154"]
[PlyCount "128"]
[WhiteFideId "12958581"]
[BlackFideId "12943576"]
[EventCountry "GER"]
[EventRounds "11"]
[EventType "swiss"]
[EventDate "2014.06.07"]

1. c4 e5 2. Nc3 Nf6 3. g3 g6 4. Bg2 Bg7 5. e3 Nc6 6. Nge2 O-O 7. O-O d6 8. d3
Be6 9. f4 Qd7 10. Nd5 Bf5 11. fxe5 Nxd5 12. e4 Bg4 13. exd5 Nd4 14. e6 fxe6 15.
dxe6 Qxe6 16. Nxd4 Bxd4+ 17. Kh1 Bxd1 18. Bd5 Qxd5+ 19. cxd5 Rxf1+ 20. Kg2 Rg1+
21. Kh3 h5 22. Kh4 Be2 23. Rb1 Bf6+ 24. Bg5 Bxg5+ 25. Kxg5 Rxb1 26. Kxg6 Bxd3+
27. Kxh5 Rf8 28. g4 Be2 29. Kh4 Rf4 30. h3 Rh1 31. Kg5 Rxg4+ 32. hxg4 Rg1 33.
b3 Rxg4+ 34. Kf5 Rd4 35. a4 Rxd5+ 36. Ke4 Rc5 37. Kd4 Bd1 38. b4 Rc1 39. a5 Ba4
40. Kd3 d5 41. Kd4 Rc4+ 42. Kxd5 Rxb4 43. Kc5 Rb5+ 44. Kc4 Rxa5 45. Kb4 b6 46.
Kc4 Kf7 47. Kb4 c5+ 48. Kc4 Bb5+ 49. Kb3 Ke6 50. Kc3 Kd5 51. Kb3 Ra4 52. Kc3
Rb4 53. Kc2 c4 54. Kd2 Rb3 55. Ke2 Rd3 56. Kf2 Ba4 57. Ke2 Kd4 58. Kf2 Re3 59.
Kg2 Ke4 60. Kf2 Kf4 61. Kg2 Rf3 62. Kh2 Rg3 63. Kh1 Kf3 64. Kh2 Kf2 0-1

[Event "DEM U10/U10w 2014"]
[Site "Magdeburg GER"]
[Date "2014.06.10"]
[Round "5"]
[White "Mimkes, Pavel"]
[Black "Marzisch, Darius"]
[Result "0-1"]
[Termination "normal"]
[Board "30"]
[WhiteElo "1271"]
[BlackElo "1067"]
[PlyCount "112"]
[WhiteFideId "12990833"]
[BlackFideId "12997480"]
[EventCountry "GER"]
[EventRounds "11"]
[EventType "swiss"]
[EventDate "2014.06.07"]

1. e4 e5 2. Nf3 Nc6 3. Bb5 a6 4. Ba4 Nf6 5. d4 exd4 6. Nxd4 Bc5 7. Nxc6 dxc6 8.
Qxd8+ Kxd8 9. Bg5 Be7 10. O-O h6 11. Bxf6 Bxf6 12. Nc3 Bxc3 13. bxc3 Be6 14.
Bb3 Re8 15. Rfe1 Re7 16. Rab1 Rb8 17. f4 g6 18. Rb2 Ke8 19. Ba4 b5 20. a3 Kf8
21. Bb3 Bf5 22. e5 Rd8 23. a4 Rd2 24. Rc1 Red7 25. Rbb1 Re2 26. Re1 Rdd2 27.
Rxe2 Rxe2 28. Kf1 Rd2 29. axb5 cxb5 30. Kg1 Bxc2 31. Rb2 Rd1+ 32. Kf2 Bxb3 33.
Rxb3 Ra1 34. Kg3 Ra4 35. h4 c5 36. Kg4 b4 37. cxb4 cxb4 38. h5 a5 39. hxg6 fxg6
40. f5 gxf5+ 41. Kxf5 Ra3 42. Rb2 Ra1 43. g4 Rf1+ 44. Kg6 Re1 45. Rf2+ Kg8 46.
Rd2 Kf8 47. Kf6 Rf1+ 48. Ke6 b3 49. Kd7 Rf7+ 50. Kd6 Ke8 51. e6 Rb7 52. Rh2 b2
53. Rxh6 Rb6+ 54. Ke5 b1=Q 55. Kf6 Rxe6+ 56. Kxe6 Qb6+ 0-1

[Event "DEM U10/U10w 2014"]
[Site "Magdeburg GER"]
[Date "2014.06.10"]
[Round "5"]
[White "Ackermann, Richard"]
[Black "Hartmann, Katrin"]
[Result "0-1"]
[Termination "normal"]
[Board "31"]
[WhiteElo "1239"]
[BlackElo "1014"]
[PlyCount "38"]
[WhiteFideId "12987026"]
[BlackFideId "16200632"]
[EventCountry "GER"]
[EventRounds "11"]
[EventType "swiss"]
[EventDate "2014.06.07"]

1. e4 e5 2. Nf3 Nc6 3. Nc3 Nf6 4. Bb5 d6 5. d3 Bd7 6. Be3 a6 7. Bc4 Be7 8. O-O
O-O 9. Qd2 Ng4 10. Rad1 Nxe3 11. Qxe3 Bg4 12. h3 Bxf3 13. Qxf3 Nd4 14. Qe3 Nxc2
15. Qd2 Nd4 16. Qe3 Bg5 17. f4 Bh6 18. g4 g6 19. g5 Bg7 0-1